000 00654nam a2200193 i 4500
001 103843
003 ES-MaACL
005 20250812081152.0
007 t|
008 051118s1903 sp ||||1| spa d
100 1 _aMesa Moles, F.
_980639
245 1 0 _aObservaciones para el estudio de la ramificación de la arteria hipogástrica y división de la femoral
_b: tesis del doctorado /
_cpor F. Mesa Moles.
260 _aMadrid :
_b[s.n.],
_c1903 (
_fImpr. de los Sucesores de Hernando)
300 _a30 p. ;
_c24 cm.
502 _aTesis Doctoral.
650 7 _aArterias
_2embne
_9151073
852 _aES-MaACL
_jT-1049-F-12
999 _c103843
_d103843